Visualizzazione normale
Vista MARC
- Feuerbach, Ludwig,
di Personal Name
Records bibliografici associati: 1
001 - CONTROL NUMBER
- control field: 58390
003 - CONTROL NUMBER IDENTIFIER
- control field:
005 - DATE AND TIME OF LATEST TRANSACTION
- control field: 20200831115827.0
008 - FIXED-LENGTH DATA ELEMENTS
- fixed length control field: 200831|| aca||aabn | a|a d
040 ## - CATALOGING SOURCE
- Original cataloging agency:
- Transcribing agency:
100 ## - HEADING--PERSONAL NAME
- Personal name: Feuerbach, Ludwig,
- Dates associated with a name: 1804-1872
670 ## - SOURCE DATA FOUND
- Source citation: Work cat.: ()0: Tomasoni, Francesco, 1947- 58389, Ludwig Feuerbach :, 2011.